00722nam a2200241Ia 4500003000400000005001700004008004100021020001800062040001800080041000800098082002200106100002400128245007500152250000800227260004500235300002600280650002800306650004300334700002200377700003200399700003100431700001800462OSt20220209122716.0210716s2010 xx 000 0 und d a9788131765142 cAIMIT LIBRARY aeng a658.4 21stbROBS aRobbins, Stephen P. aManagement and behavioural process /cBy Stephen P. Robbins...[et al.] a1st aNew Delhi :bPearson Education ,c2012 . axx,20-19p. ;c27.5cm. aFoundations of planning aStaffing and human resource management aDecenzo, David A. aBhattacharyya, Sanghamitra. aAgarwal, Madhushree Nanda. aSingh, Kavita